000 00844nam a2200253Ia 4500
003 OSt
005 20220923224908.0
006 a|||||r|||| 00| 0
007 ta
008 220922b |||||||| |||| 00| 0 hin d
024 _a253,311
037 _cTextual
040 _aARTS
_cARTS
_bhin
041 _2hin
_ahin
082 _aO152,6N06x, J0;J2
100 _aद्विवेदी, हजारीप्रसाद
245 0 _aअशोक के फूल
246 _aAshok ke fūla
260 _aदिल्ली
_b सस्ता साहित्य मण्डल
_c1952
300 _a206पृ.
_ccm.
650 _aहिन्दी साहित्य
_9156264
942 _hO152,6N06x, J0;J2
_cTEXL
_2CC
999 _c374469
_d374469